Statistics for 王者荣耀所有英雄称号

Click here to take the quiz!

General Stats

  • This quiz has been taken 3 times
  • The average score is 11 of 119

Answer Stats

英雄名字英雄称号% Correct
张飞禁血狂兽
67%
韩信国士无双
67%
后羿半神之弓
67%
孙悟空齐天大圣
67%
蔡文姬天籁弦音
33%
钟馗虚灵城判
33%
李元芳王都密探
33%
刘邦双面君主
33%
不知火舞明媚烈焰
33%
虞姬森之风灵
33%
关羽一骑当千
33%
夏侯惇不羁之风
33%
百里玄策嚣狂之镰
33%
成吉思汗苍狼末裔
33%
孙尚香千金重弩
33%
猪八戒无忧猛士
33%
哪吒桀骜炎枪
33%
诸葛亮绝代智谋
33%
大乔沧海之曜
33%
破灭刀锋
33%
李白青莲剑仙
33%
杨戬根源之目
33%
亚瑟圣骑之力
33%
艾琳精灵之舞
33%
牛魔精英酋长
33%
王昭君冰雪之华
33%
花木兰传说之刃
33%
宫本武藏剑圣
33%
张良言灵之书
33%
狂铁战车意志
0%
李信谋世之战
0%
云中君流云之翼
0%
鹿灵守心
0%
盘古破晓之神
0%
杨玉环霓裳风华
0%
嫦娥寒月公主
0%
上官婉儿惊鸿之笔
0%
伽罗破魔之箭
0%
沈梦溪爆弹怪猫
0%
米莱狄筑城者
0%
盾山无尽之盾
0%
司马懿寂灭之心
0%
星辰之子
0%
裴擒虎六合虎拳
0%
元歌无间傀儡
0%
弈星天元之弈
0%
孙策光明之海
0%
马超冷晖之枪
0%
明世隐灵魂劫卜
0%
桑启萤火之旅
0%
敖隐凌霄真龙
0%
海诺命运之引
0%
朵莉亚人鱼之歌
0%
亚连追忆之刃
0%
姬小满武道奇才
0%
莱西奥火鹰船长
0%
赵怀真自在之心
0%
海月永夜之心
0%
戈娅沙海飞舟
0%
玉城之子
0%
西施幻纱之灵
0%
金蝉渡世行者
0%
云缨燎原之心
0%
司空震雷霆之王
0%
鲨之猎刃
0%
夏洛特玫瑰剑士
0%
阿古朵山林之子
0%
蒙恬秩序统将
0%
破镜之刃
0%
蒙犽烈炮小子
0%
鲁班大师神匠
0%
公孙离幻舞玲珑
0%
曹操鲜血枭雄
0%
女娲至高创世
0%
庄周逍遥幻梦
0%
廉颇正义爆轰
0%
小乔恋之微风
0%
赵云苍天翔龙
0%
墨子和平守望
0%
妲己魅力之狐
0%
嬴政王者独尊
0%
典韦狂战士
0%
鲁班七号机关造物
0%
刘禅暴走机关
0%
兰陵王暗影刀锋
0%
高渐离叛逆吟游
0%
阿轲信念之刃
0%
钟无艳野蛮之锤
0%
孙膑逆流之时
0%
扁鹊善恶怪医
0%
白起最终兵器
0%
芈月永恒之月
0%
吕布无双之魔
0%
周瑜铁血都督
0%
刘备仁德义枪
0%
娜可露露鹰之守护
0%
梦奇入梦之灵
0%
露娜月光之女
0%
苏烈不屈铁壁
0%
甄姬洛神降临
0%
百里守约静谧之眼
0%
鬼谷子万物有灵
0%
干将莫邪淬命双剑
0%
东皇太一噬灭日蚀
0%
黄忠燃魂重炮
0%
太乙真人炼金大师
0%
姜子牙太古魔导
0%
橘右京神梦一刀
0%
狄仁杰断案大师
0%
马可波罗远游之枪
0%
雅典娜圣域余辉
0%
程咬金热烈之斧
0%
安琪拉暗夜萝莉
0%
貂蝉绝世舞姬
0%
老夫子万古长明
0%
武则天女帝
0%
项羽霸王
0%
达摩拳僧
0%
大司命肃归之戈
0%

Score Distribution

Percentile by Number Answered

Percent of People with Each Score

Your Score History

You have not taken this quiz